The Economics and Politics of Resettlement in India : (Record no. 616501)

MARC details
000 -LEADER
fixed length control field 00531nam a2200193 a 4500
008 - FIXED-LENGTH DATA ELEMENTS--GENERAL INFORMATION
fixed length control field 260302s2006##################000#0#eng##
020 ## - INTERNATIONAL STANDARD BOOK NUMBER
ISBN 9788131700921
082 04 - DEWEY DECIMAL CLASSIFICATION NUMBER
Classification number 327
Item number SHO
100 1# - MAIN ENTRY--AUTHOR NAME
Personal name Jain, Shobhita,
245 10 - TITLE STATEMENT
Title The Economics and Politics of Resettlement in India :
260 ## - PUBLICATION, DISTRIBUTION, ETC. (IMPRINT)
Name of publisher Pearson Education India,
Year of publication 2006.
300 ## - PHYSICAL DESCRIPTION
Number of Pages 352 pages
650 #0 - SUBJECT ADDED ENTRY--TOPICAL TERM
Topical Term Social Science.
942 ## - ADDED ENTRY ELEMENTS (KOHA)
Koha item type English Books
Holdings
Withdrawn status Lost status Damaged status Not for loan Home library Current library Date acquired Full call number Accession Number Price effective from Koha item type
        Anna Centenary Library Anna Centenary Library 02.03.2026 327 SHO 093779 02.03.2026 English Books

Find us on the map